Manual de las enfermedades de los ojos para estudiantes / (Record no. 101249)

MARC details
000 -LEADER
campo de control de longitud fija 00672nam a2200193 i 4500
001 - NÚMERO DE CONTROL
campo de control 101249
003 - IDENTIFICADOR DE NÚMERO DE CONTROL
campo de control ES-MaACL
005 - FECHA Y HORA DE LA ÚLTIMA TRANSACCIÓN
campo de control 20230906182845.0
007 - CAMPO FIJO DE DESCRIPCIÓN FÍSICA--INFORMACIÓN GENERAL
campo de control de longitud fija t|
008 - DATOS DE LONGITUD FIJA--INFORMACIÓN GENERAL
campo de control de longitud fija 051017s1933 sp ||||1| spa d
100 1# - ENTRADA PRINCIPAL--NOMBRE DE PERSONA
Nombre de persona May, Charles Henry.
9 (RLIN) 79320
245 10 - MENCIÓN DEL TÍTULO
Título Manual de las enfermedades de los ojos para estudiantes /
Mención de responsabilidad, etc. por el Dr. Charles H. May.
250 ## - MENCION DE EDICION
Mención de edición 9ª ed. española
Resto de la mención de edición traducción de la 13ª ed. americana por el prof. C. E. Finlay.
260 ## - PUBLICACIÓN, DISTRIBUCIÓN, ETC.
Lugar de publicación, distribución, etc. Barcelona :
Nombre del editor, distribuidor, etc. [s.n.],
Fecha de publicación, distribución, etc. 1933 (
Fabricante Imp. Hispano-Americana)
300 ## - DESCRIPCIÓN FÍSICA
Extensión IX, 509 p. :
Otras características físicas il. ;
Dimensiones 21 cm.
650 #4 - PUNTO DE ACCESO ADICIONAL DE MATERIA--TÉRMINO DE MATERIA
Término de materia o nombre geográfico como elemento de entrada Ojos-
Subdivisión general Enfermedades.
9 (RLIN) 139434
700 1# - ENTRADA AGREGADA--NOMBRE PERSONAL
Nombre de persona Finlay, C. E.
9 (RLIN) 50911
852 ## - LOCALIZACIÓN
Ubicación ES-MaACL
Número de control de estantería E-484
Holdings
Estatus retirado Estado de pérdida Estado de daño No para préstamo Biblioteca de origen Biblioteca actual Ubicación en estantería Fecha de adquisición Fuente de adquisición Total de préstamos Signatura topográfica completa Código de barras Visto por última vez Precio de reemplazo Tipo de ítem Koha
        Biblioteca del Ateneo de Madrid Biblioteca del Ateneo de Madrid Depósito 2 17/01/2008     E-484 1105707 23/02/2023 23/02/2023 Libro impreso